| 000 | 00814nam a22002057a 4500 | ||
|---|---|---|---|
| 005 | 20130527151804.0 | ||
| 010 | _aB-506574-575 | ||
| 020 |
_a9788131788714 _c350.00 |
||
| 035 | _aB-506574-575 | ||
| 037 | _bKKP/Ven | ||
| 082 | _a515 | ||
| 245 |
_aSuper course in Mathematics Calculus for the JEE/ISEET _b(joint entrance examination-Indian science engineering eligibility test) |
||
| 246 | _aMathematics Calculus | ||
| 260 |
_aNoida _bPearson _c2012 |
||
| 270 |
_a7th Floor, Knowledge Boulevard, A-8(A), Sec-62 _bNoida _e201309 |
||
| 300 |
_avarious pages _c28cm(pbk). |
||
| 500 | _aIt include index | ||
| 942 |
_2ddc _cEN _mSUP _h515 |
||
| 999 |
_c75927 _d75927 |
||